000 00307nam a2200109Ia 4500
005 20251222114401.0
008 251222s1900||||xx |||||||||||||| ||spa||
082 _aDVD0092/S25V/2006/Ej.2
245 0 _aLa Virgen de la Evangelización.
264 _bCastillejo, Christian Salas Delgado, Raúl
942 _cDVD
999 _c1625
_d1625